000
00294nam a22001217a 4500
041
_a
ENG
100
_a
Lai.R
245
_a
Soil Erosion Problems On An Aifisoi In Western Nigeria And Therir Control
260
_a
Delhi
_b
llta Monograph No.1
_c
1998
300
_a
208
650
_a
48
856
_u
48
999
_c
3134
_d
3134